000 00854 a2200229 4500
010 _aENG-85669
020 _c150.00
035 _aEN-69202
037 _bD.B.Act / Pub
082 1 4 _a657
090 _c3392
_d3392
100 1 _aReddy, P. N.
245 1 _aFundamentals of accounting
_bfor first semester, First year BBM, Banglore Universty
_cby P. N. Reddy, H. R. Appannaiah, and R. Srinivasa Putty
250 _a3rd rev. ed.
260 _aMumbai
_bHimalaya Publishing House
_c2006
270 _a"Ramdoot", Dr. Bhalerao Marg, Girgaon
_bMumbai
_e400 004
_k022-23860170, 022-23863863
_l022-23877178
_mhimpub@vsnl.net.in
300 _a551 p.
_c22 cm ( Pbk.)
700 1 _aAppannaiah, H. R.
700 1 _aSrinivasa Putty, R.
942 _adpl
_cEN
_k657 / RED
999 _c3325
_d3325